Viridiana Βιριδιάνα

Αξιοσέβαστος μεγαλοκτηματίας εφορμά... νεκροφιλικά επί της αλαβάστρινης ανιψιάς του, αφοσιωμένης στον Εσταυρωμένο και στη μοναστική ζωή. Στη συνέχεια το θεοσεβούμενο αυτό, αλλά άκρως ορεκτικό σεξουαλικό πλάσμα ανοίγει τις πόρτες του κτήματος για να στεγνώσει τον πόνο και να ανακουφίσει την ένδεια εν...

Full description

Saved in:
Bibliographic Details
Other Authors: Buñuel, Luis, 1900-1983 (Director), Pinal, Silvia (Actor), Rabal, Francisco, 1926-2001 (Actor)
Format: Slide
Language:Spanish
Greek
Published: [Χ. τ.] : ArtFree, 2004.
Subjects:
Tags: Add Tag
No Tags, Be the first to tag this record!

MARC

LEADER 00000cgm a2200000 a 4500
001 1/117856
008 190121s2004####gr ||| | || ||spa||
040 |a GR-MyUa  |b gre  |c GR-MyUa  |e AACR2 
041 1 |a spa  |j gre 
082 7 |a 791.437   |2 (23) 
245 0 0 |a Viridiana   |h [μαγνητοσκόπηση] =   |b Βιριδιάνα /   |c του Λουίς Μπουνιουέλ.  
260 |a [Χ. τ.] :   |b ArtFree,   |c 2004.  
300 |a 1 βιντεοδίσκος (90 λεπτ.) :   |b ομίλ., ασπρόμ. ;   |c 4 3/4 ίν. 
500 |a Κυκλοφόρησε πρώτη φορά ως κινηματογραφική ταινία το 1961.  
511 0 |a Σίλβια Πινάλ, Φρανσίσκο Ραμπάλ, Φερνάντο Ρέι, Χοσέ Κάλβο.  
520 8 |a Αξιοσέβαστος μεγαλοκτηματίας εφορμά... νεκροφιλικά επί της αλαβάστρινης ανιψιάς του, αφοσιωμένης στον Εσταυρωμένο και στη μοναστική ζωή. Στη συνέχεια το θεοσεβούμενο αυτό, αλλά άκρως ορεκτικό σεξουαλικό πλάσμα ανοίγει τις πόρτες του κτήματος για να στεγνώσει τον πόνο και να ανακουφίσει την ένδεια ενός τσούρμου κουτσών, τυφλών, λεπρών, οι οποίοι πάνω στη φρενίτιδα της πείνας τους τα κάνουν όλα γυαλιά καρφιά, επιχειρώντας ακόμα να βανδαλίσουν το αλαβάστρινο σώμα της ξανθιάς υποψήφιας Αγίας Βιριδιάνας. 
546 |a Στα ισπανικά με ελληνικούς υπότιτλους. 
650 0 |a Monasticism and religious orders for women  |v Drama. 
655 7 |a Feature films  |2 lcgft 
700 1 |a Buñuel, Luis,   |d 1900-1983,  |e drt 
700 1 |a Pinal, Silvia,  |e act 
700 1 |a Rabal, Francisco,   |d 1926-2001,  |e act 
852 |a INST  |b SYROS  |c AV  |e 20190121  |h 791.437 BUN  |p 005500013796  |q 005500013796  |t DVD  |y 23 
970 |a Κοντού  |b Παρασκευή  |z 21/01/2019